000
00206nam a22000857a 4500
008
160805b xxu||||| |||| 00| 0 eng d
100
_9
40
_a
Lata S
245
_a
Mathsight-5
260
_a
New Delhi
_b
Brittanicca
_c
2011
999
_c
2691
_d
2691